Statistics for Countries by Borders and Proximity in 90 seconds

Click here to take the quiz!

General Stats

  • This quiz has been taken 3,302 times
  • The average score is 173 of 196

Answers on the Map

Answers color-coded by a green-red scale on the quiz's map according to % correct below.
 

Answer Stats

# (B + N)BorderingNearbyCountry% Correct
9 (1 + 8)GermanySweden, Canada, Poland, Norway, Netherlands, Iceland, United Kingdom, RussiaDenmark
100%
30 (11 + 19)Brazil, Spain, Belgium, Switzerland, Suriname, Italy, Germany, Luxembourg, Andorra, Netherlands, MonacoUnited Kingdom, Canada, Dominica, Saint Lucia, Saint Kitts and Nevis, Antigua and Barbuda, Comoros, Saint Vincent and the Grenadines, Austria, Liechtenstein, United States, Mauritius, Barbados, Guyana, Vanuatu, Vatican City, Grenada, San Marino, FijiFrance
100%
21 (14 + 7)Kazakhstan, China, Mongolia, Ukraine, Finland, Belarus, Georgia, Estonia, Azerbaijan, Lithuania, Latvia, Poland, Norway, North KoreaJapan, United States, Armenia, Turkey, Iran, Sweden, DenmarkRussia
100%
15 (2 + 13)Ireland, SpainUnited States, France, Netherlands, Antigua and Barbuda, Saint Kitts and Nevis, Bahamas, Belgium, Haiti, Cuba, Dominican Republic, Jamaica, Denmark, GermanyUnited Kingdom
100%
12 (2 + 10)Canada, MexicoUnited Kingdom, Dominican Republic, Samoa, Russia, Bahamas, Netherlands, Cuba, France, Saint Kitts and Nevis, Antigua and BarbudaUnited States
100%
8 (6 + 2)Pakistan, Tajikistan, Iran, Turkmenistan, Uzbekistan, ChinaKyrgyzstan, IndiaAfghanistan
99%
8 (6 + 2)Morocco, Mali, Libya, Tunisia, Niger, MauritaniaSpain, ItalyAlgeria
99%
5 (5 + 0)Chile, Paraguay, Brazil, Bolivia, UruguayArgentina
99%
5 (2 + 3)India, MyanmarNepal, Bhutan, ChinaBangladesh
99%
5 (5 + 0)Brazil, Peru, Chile, Argentina, ParaguayBolivia
99%
10 (10 + 0)Bolivia, Venezuela, Colombia, Peru, Paraguay, Argentina, Guyana, Uruguay, France, SurinameBrazil
99%
3 (1 + 2)United StatesFrance, DenmarkCanada
99%
19 (14 + 5)Mongolia, Russia, India, Myanmar, Kazakhstan, North Korea, Vietnam, Nepal, Kyrgyzstan, Pakistan, Bhutan, Laos, Tajikistan, AfghanistanTaiwan, Bangladesh, Uzbekistan, Thailand, South KoreaChina
99%
6 (5 + 1)Venezuela, Brazil, Peru, Ecuador, PanamaNetherlandsColombia
99%
7 (0 + 7)Haiti, Bahamas, Jamaica, United States, United Kingdom, Mexico, Dominican RepublicCuba
99%
17 (9 + 8)Czech Republic, Austria, Netherlands, Poland, France, Switzerland, Belgium, Luxembourg, DenmarkLiechtenstein, Italy, Sweden, Slovenia, Hungary, Croatia, Slovakia, United KingdomGermany
99%
5 (3 + 2)Brazil, Venezuela, SurinameTrinidad and Tobago, FranceGuyana
99%
10 (7 + 3)Bangladesh, China, Pakistan, Nepal, Myanmar, Bhutan, Sri LankaIndonesia, Afghanistan, TajikistanIndia
99%
16 (7 + 9)Iraq, Turkmenistan, Afghanistan, Pakistan, Turkey, Azerbaijan, ArmeniaKuwait, Oman, United Arab Emirates, Saudi Arabia, Georgia, Russia, Syria, Qatar, BahrainIran
99%
21 (6 + 15)Switzerland, France, Austria, Slovenia, San Marino, Vatican CityMonaco, Croatia, Germany, Liechtenstein, Tunisia, Albania, Malta, Greece, Bosnia and Herzegovina, Montenegro, Hungary, Macedonia, Czech Republic, Algeria, KosovoItaly
99%
8 (5 + 3)Russia, Uzbekistan, China, Kyrgyzstan, TurkmenistanMongolia, Tajikistan, AzerbaijanKazakhstan
99%
6 (3 + 3)United States, Guatemala, BelizeHonduras, Cuba, El SalvadorMexico
99%
3 (2 + 1)China, RussiaKazakhstanMongolia
99%
6 (5 + 1)China, Thailand, India, Laos, BangladeshVietnamMyanmar
99%
12 (3 + 9)Germany, Belgium, FranceUnited Kingdom, Saint Kitts and Nevis, Venezuela, Luxembourg, Antigua and Barbuda, Colombia, United States, Denmark, DominicaNetherlands
99%
6 (4 + 2)India, Afghanistan, Iran, ChinaTajikistan, KyrgyzstanPakistan
99%
5 (5 + 0)Brazil, Colombia, Ecuador, Bolivia, ChilePeru
99%
14 (7 + 7)Czech Republic, Ukraine, Germany, Slovakia, Belarus, Russia, LithuaniaHungary, Denmark, Romania, Austria, Sweden, Latvia, MoldovaPoland
99%
6 (5 + 1)Portugal, France, Andorra, Morocco, United KingdomAlgeriaSpain
99%
4 (3 + 1)Guyana, Brazil, FranceVenezuelaSuriname
99%
9 (2 + 7)Norway, FinlandDenmark, Germany, Latvia, Estonia, Poland, Lithuania, RussiaSweden
99%
8 (4 + 4)Afghanistan, Uzbekistan, Kyrgyzstan, ChinaPakistan, Kazakhstan, Turkmenistan, IndiaTajikistan
99%
15 (8 + 7)Syria, Iran, Iraq, Armenia, Georgia, Bulgaria, Greece, AzerbaijanCyprus, Lebanon, Russia, Romania, Ukraine, Israel, MacedoniaTurkey
99%
6 (4 + 2)Azerbaijan, Turkey, Georgia, IranRussia, IraqArmenia
98%
14 (8 + 6)Germany, Italy, Hungary, Czech Republic, Slovenia, Switzerland, Slovakia, LiechtensteinCroatia, France, Poland, Bosnia and Herzegovina, Serbia, San MarinoAustria
98%
8 (5 + 3)Armenia, Iran, Georgia, Russia, TurkeyTurkmenistan, Iraq, KazakhstanAzerbaijan
98%
4 (2 + 2)India, ChinaBangladesh, NepalBhutan
98%
8 (6 + 2)Sudan, Central African Republic, Niger, Cameroon, Libya, NigeriaSouth Sudan, EgyptChad
98%
18 (5 + 13)Bosnia and Herzegovina, Slovenia, Hungary, Serbia, MontenegroItaly, Austria, Albania, Romania, Kosovo, San Marino, Slovakia, Macedonia, Germany, Czech Republic, Switzerland, Greece, BulgariaCroatia
98%
8 (3 + 5)Sudan, Libya, IsraelJordan, Saudi Arabia, Lebanon, Syria, ChadEgypt
98%
15 (7 + 8)Slovakia, Romania, Austria, Croatia, Serbia, Ukraine, SloveniaCzech Republic, Bosnia and Herzegovina, Poland, Italy, Germany, Montenegro, Bulgaria, MoldovaHungary
98%
10 (3 + 7)Malaysia, Papua New Guinea, East TimorSingapore, Brunei, Australia, India, Philippines, Thailand, PalauIndonesia
98%
7 (6 + 1)Egypt, Chad, Algeria, Tunisia, Sudan, NigerGreeceLibya
98%
7 (4 + 3)Belarus, Latvia, Russia, PolandEstonia, Sweden, UkraineLithuania
98%
5 (3 + 2)Algeria, Mauritania, SpainPortugal, MaliMorocco
98%
9 (6 + 3)Malawi, Zimbabwe, Tanzania, South Africa, Zambia, SwazilandDemocratic Republic of the Congo, Botswana, ComorosMozambique
98%
4 (2 + 2)India, ChinaBangladesh, BhutanNepal
98%
4 (3 + 1)Sweden, Finland, RussiaDenmarkNorway
98%
4 (3 + 1)Argentina, Brazil, BoliviaUruguayParaguay
98%
15 (7 + 8)Yemen, Iraq, Jordan, Oman, United Arab Emirates, Kuwait, QatarEgypt, Israel, Bahrain, Syria, Iran, Sudan, Eritrea, LebanonSaudi Arabia
98%
8 (7 + 1)South Sudan, Chad, Egypt, Ethiopia, Eritrea, Central African Republic, LibyaSaudi ArabiaSudan
98%
9 (5 + 4)Turkey, Iraq, Jordan, Lebanon, IsraelSaudi Arabia, Cyprus, Iran, EgyptSyria
98%
12 (7 + 5)Russia, Moldova, Belarus, Romania, Poland, Hungary, SlovakiaBulgaria, Lithuania, Czech Republic, Turkey, SerbiaUkraine
98%
3 (2 + 1)Brazil, ArgentinaParaguayUruguay
98%
8 (3 + 5)Brazil, Colombia, GuyanaTrinidad and Tobago, Netherlands, Grenada, Saint Vincent and the Grenadines, SurinameVenezuela
98%
8 (4 + 4)Mozambique, Botswana, Zambia, South AfricaNamibia, Malawi, Angola, Democratic Republic of the CongoZimbabwe
98%
7 (5 + 2)Russia, Ukraine, Lithuania, Poland, LatviaEstonia, SlovakiaBelarus
97%
9 (6 + 3)Nigeria, Chad, Central African Republic, Republic of the Congo, Gabon, Equatorial GuineaNiger, Democratic Republic of the Congo, São Tomé and PríncipeCameroon
97%
7 (6 + 1)Democratic Republic of the Congo, Chad, Cameroon, South Sudan, Sudan, Republic of the CongoGabonCentral African Republic
97%
9 (4 + 5)Germany, Poland, Austria, SlovakiaHungary, Slovenia, Italy, Croatia, UkraineCzech Republic
97%
14 (9 + 5)Angola, Republic of the Congo, Zambia, Central African Republic, Uganda, South Sudan, Tanzania, Burundi, RwandaGabon, Mozambique, Cameroon, Zimbabwe, MalawiDemocratic Republic
of the Congo
97%
5 (3 + 2)Russia, Norway, SwedenEstonia, LatviaFinland
97%
5 (4 + 1)Russia, Azerbaijan, Turkey, ArmeniaIranGeorgia
97%
7 (4 + 3)Lithuania, Estonia, Russia, BelarusSweden, Poland, FinlandLatvia
97%
14 (7 + 7)Mauritania, Algeria, Burkina Faso, Guinea, Niger, Ivory Coast, SenegalGambia, Guinea-Bissau, Nigeria, Sierra Leone, Ghana, Morocco, LiberiaMali
97%
10 (7 + 3)Nigeria, Chad, Algeria, Mali, Burkina Faso, Libya, BeninCameroon, Togo, GhanaNiger
97%
3 (3 + 0)China, South Korea, RussiaNorth Korea
97%
12 (4 + 8)Croatia, Austria, Italy, HungaryBosnia and Herzegovina, Germany, Slovakia, San Marino, Serbia, Czech Republic, Switzerland, RomaniaSlovenia
97%
7 (6 + 1)Sudan, Ethiopia, Central African Republic, Democratic Republic of the Congo, Uganda, KenyaChadSouth Sudan
97%
10 (5 + 5)Italy, France, Germany, Austria, LiechtensteinLuxembourg, Slovenia, Monaco, Belgium, CroatiaSwitzerland
97%
7 (4 + 3)Myanmar, Laos, Cambodia, MalaysiaVietnam, China, IndonesiaThailand
97%
2 (0 + 2)Papua New Guinea, IndonesiaAustralia
96%
5 (0 + 5)United Kingdom, Cuba, Haiti, United States, Dominican RepublicBahamas
96%
15 (3 + 12)Croatia, Serbia, MontenegroSlovenia, Hungary, Albania, Kosovo, Romania, Italy, Austria, Macedonia, Bulgaria, San Marino, Greece, SlovakiaBosnia and
Herzegovina
96%
6 (4 + 2)South Africa, Namibia, Zimbabwe, ZambiaAngola, MozambiqueBotswana
96%
13 (5 + 8)Romania, Greece, Serbia, Turkey, MacedoniaKosovo, Albania, Ukraine, Moldova, Montenegro, Bosnia and Herzegovina, Hungary, CroatiaBulgaria
96%
5 (1 + 4)HaitiUnited States, Bahamas, United Kingdom, CubaDominican Republic
96%
6 (3 + 3)Ethiopia, Sudan, DjiboutiYemen, Somalia, Saudi ArabiaEritrea
96%
6 (2 + 4)Latvia, RussiaFinland, Sweden, Lithuania, BelarusEstonia
96%
12 (4 + 8)Bulgaria, Albania, Macedonia, TurkeyItaly, Kosovo, Serbia, Montenegro, Romania, Croatia, Bosnia and Herzegovina, LibyaGreece
96%
10 (6 + 4)Iran, Saudi Arabia, Syria, Turkey, Kuwait, JordanAzerbaijan, Lebanon, Armenia, IsraelIraq
96%
5 (5 + 0)Vietnam, Thailand, Cambodia, China, MyanmarLaos
96%
5 (4 + 1)Angola, Botswana, South Africa, ZambiaZimbabweNamibia
96%
10 (4 + 6)Cameroon, Niger, Benin, ChadEquatorial Guinea, Togo, Burkina Faso, Ghana, Mali, São Tomé and PríncipeNigeria
96%
North Macedonia
96%
3 (1 + 2)IndonesiaSolomon Islands, AustraliaPapua New Guinea
96%
16 (5 + 11)Bulgaria, Ukraine, Serbia, Moldova, HungarySlovakia, Croatia, Poland, Bosnia and Herzegovina, Kosovo, Macedonia, Turkey, Greece, Montenegro, Albania, SloveniaRomania
96%
12 (5 + 7)Hungary, Poland, Czech Republic, Ukraine, AustriaRomania, Slovenia, Croatia, Serbia, Germany, Belarus, Bosnia and HerzegovinaSlovakia
96%
6 (6 + 0)Botswana, Namibia, Lesotho, Mozambique, Swaziland, ZimbabweSouth Africa
96%
8 (8 + 0)Kenya, Mozambique, Malawi, Democratic Republic of the Congo, Burundi, Uganda, Zambia, RwandaTanzania
96%
5 (3 + 2)Laos, China, CambodiaThailand, MyanmarVietnam
96%
6 (2 + 4)Saudi Arabia, OmanDjibouti, Eritrea, Ethiopia, SomaliaYemen
96%
8 (8 + 0)Democratic Republic of the Congo, Angola, Malawi, Zimbabwe, Mozambique, Tanzania, Namibia, BotswanaZambia
96%
10 (4 + 6)Greece, Montenegro, Macedonia, KosovoSerbia, Croatia, Italy, Bosnia and Herzegovina, Bulgaria, RomaniaAlbania
95%
7 (4 + 3)Democratic Republic of the Congo, Namibia, Zambia, Republic of the CongoBotswana, Gabon, ZimbabweAngola
95%
9 (6 + 3)Mali, Niger, Ivory Coast, Ghana, Benin, TogoNigeria, Guinea, MauritaniaBurkina Faso
95%
8 (6 + 2)Somalia, Eritrea, South Sudan, Kenya, Sudan, DjiboutiYemen, UgandaEthiopia
95%
7 (3 + 4)Republic of the Congo, Equatorial Guinea, CameroonAngola, Democratic Republic of the Congo, São Tomé and Príncipe, Central African RepublicGabon
95%
7 (3 + 4)Togo, Ivory Coast, Burkina FasoBenin, Nigeria, Mali, NigerGhana
95%
8 (4 + 4)Jordan, Egypt, Lebanon, SyriaSaudi Arabia, Cyprus, Turkey, IraqIsrael
95%
3 (0 + 3)Russia, South Korea, TaiwanJapan
95%
10 (4 + 6)Serbia, Macedonia, Albania, MontenegroBulgaria, Bosnia and Herzegovina, Greece, Croatia, Romania, ItalyKosovo
95%
8 (2 + 6)Syria, IsraelJordan, Turkey, Cyprus, Egypt, Iraq, Saudi ArabiaLebanon
95%
5 (2 + 3)Switzerland, AustriaGermany, Italy, FranceLiechtenstein
95%
8 (4 + 4)Mali, Morocco, Senegal, AlgeriaGambia, Guinea, Burkina Faso, Guinea-BissauMauritania
95%
11 (5 + 6)Bosnia and Herzegovina, Albania, Serbia, Kosovo, CroatiaMacedonia, Bulgaria, Greece, Italy, Romania, HungaryMontenegro
95%
4 (3 + 1)Saudi Arabia, United Arab Emirates, YemenIranOman
95%
6 (5 + 1)Democratic Republic of the Congo, Gabon, Cameroon, Central African Republic, AngolaEquatorial GuineaRepublic of the Congo
95%
7 (5 + 2)Kenya, Democratic Republic of the Congo, South Sudan, Tanzania, RwandaBurundi, EthiopiaUganda
95%
6 (0 + 6)United Kingdom, France, Saint Kitts and Nevis, Netherlands, Dominica, United StatesAntigua and Barbuda
94%
6 (4 + 2)France, Netherlands, Germany, LuxembourgUnited Kingdom, SwitzerlandBelgium
94%
3 (3 + 0)Argentina, Bolivia, PeruChile
94%
6 (3 + 3)Nicaragua, El Salvador, GuatemalaBelize, Mexico, Costa RicaHonduras
94%
7 (4 + 3)Saudi Arabia, Syria, Israel, IraqEgypt, Lebanon, CyprusJordan
94%
7 (4 + 3)Uzbekistan, Kazakhstan, Tajikistan, ChinaAfghanistan, Pakistan, TurkmenistanKyrgyzstan
94%
5 (3 + 2)Mozambique, Zambia, TanzaniaZimbabwe, Democratic Republic of the CongoMalawi
94%
2 (1 + 1)SpainMoroccoPortugal
94%
6 (0 + 6)Netherlands, United Kingdom, France, Antigua and Barbuda, United States, DominicaSaint Kitts and Nevis
94%
14 (8 + 6)Romania, Kosovo, Bulgaria, Bosnia and Herzegovina, Croatia, Hungary, Montenegro, MacedoniaAlbania, Greece, Slovakia, Slovenia, Austria, UkraineSerbia
94%
5 (3 + 2)Ethiopia, Kenya, DjiboutiEritrea, YemenSomalia
94%
5 (3 + 2)Saudi Arabia, Oman, QatarIran, BahrainUnited Arab Emirates
94%
6 (5 + 1)Kazakhstan, Turkmenistan, Tajikistan, Kyrgyzstan, AfghanistanChinaUzbekistan
94%
5 (2 + 3)Honduras, GuatemalaNicaragua, Belize, MexicoEl Salvador
93%
Eswatini
93%
5 (4 + 1)Mexico, Belize, Honduras, El SalvadorNicaraguaGuatemala
93%
5 (5 + 0)Uganda, Ethiopia, Tanzania, Somalia, South SudanKenya
93%
4 (3 + 1)Tanzania, Rwanda, Democratic Republic of the CongoUgandaBurundi
92%
9 (6 + 3)Mali, Sierra Leone, Ivory Coast, Liberia, Guinea-Bissau, SenegalGambia, Mauritania, Burkina FasoGuinea
92%
2 (1 + 1)South AfricaSwazilandLesotho
92%
4 (4 + 0)Burundi, Democratic Republic of the Congo, Tanzania, UgandaRwanda
92%
4 (2 + 2)Algeria, LibyaItaly, MaltaTunisia
92%
6 (5 + 1)Liberia, Ghana, Guinea, Burkina Faso, MaliSierra LeoneIvory Coast
91%
5 (2 + 3)Honduras, Costa RicaEl Salvador, Panama, GuatemalaNicaragua
91%
5 (4 + 1)Nigeria, Togo, Burkina Faso, NigerGhanaBenin
90%
3 (2 + 1)Panama, NicaraguaHondurasCosta Rica
90%
1 (1 + 0)United KingdomIreland
90%
3 (2 + 1)Iraq, Saudi ArabiaIranKuwait
90%
6 (2 + 4)Guinea, LiberiaIvory Coast, Mali, Guinea-Bissau, SenegalSierra Leone
90%
5 (3 + 2)Ghana, Benin, Burkina FasoNigeria, NigerTogo
90%
4 (3 + 1)Ethiopia, Eritrea, SomaliaYemenDjibouti
89%
6 (2 + 4)Guinea, SenegalGambia, Mali, Sierra Leone, MauritaniaGuinea-Bissau
89%
3 (2 + 1)Costa Rica, ColombiaNicaraguaPanama
89%
6 (5 + 1)Mauritania, Gambia, Mali, Guinea-Bissau, GuineaSierra LeoneSenegal
89%
3 (1 + 2)North KoreaJapan, ChinaSouth Korea
89%
3 (0 + 3)China, Philippines, JapanTaiwan
89%
4 (0 + 4)Saudi Arabia, Qatar, United Arab Emirates, IranBahrain
88%
4 (2 + 2)Guatemala, MexicoHonduras, El SalvadorBelize
88%
5 (3 + 2)Indonesia, Thailand, BruneiSingapore, PhilippinesMalaysia
88%
4 (2 + 2)Saudi Arabia, United Arab EmiratesBahrain, IranQatar
88%
7 (4 + 3)Uzbekistan, Iran, Afghanistan, KazakhstanTajikistan, Azerbaijan, KyrgyzstanTurkmenistan
88%
2 (2 + 0)Peru, ColombiaEcuador
87%
5 (1 + 4)Dominican RepublicCuba, Bahamas, United Kingdom, JamaicaHaiti
87%
4 (3 + 1)Ivory Coast, Guinea, Sierra LeoneMaliLiberia
87%
5 (1 + 4)SenegalGuinea, Guinea-Bissau, Mali, MauritaniaGambia
86%
3 (0 + 3)Cuba, Haiti, United KingdomJamaica
86%
3 (0 + 3)Malaysia, Taiwan, IndonesiaPhilippines
85%
5 (2 + 3)Ukraine, RomaniaBulgaria, Hungary, PolandMoldova
84%
1 (1 + 0)IndiaSri Lanka
84%
3 (3 + 0)Vietnam, Thailand, LaosCambodia
83%
1 (0 + 1)DenmarkIceland
83%
Madagascar
83%
5 (2 + 3)Gabon, CameroonNigeria, Republic of the Congo, São Tomé and PríncipeEquatorial Guinea
80%
1 (0 + 1)United StatesSamoa
80%
5 (3 + 2)Belgium, Germany, FranceNetherlands, SwitzerlandLuxembourg
78%
2 (2 + 0)Spain, FranceAndorra
77%
7 (1 + 6)ItalyCroatia, Slovenia, Vatican City, France, Bosnia and Herzegovina, AustriaSan Marino
74%
2 (0 + 2)Italy, TunisiaMalta
71%
3 (1 + 2)FranceItaly, SwitzerlandMonaco
67%
New Zealand
65%
3 (1 + 2)ItalySan Marino, FranceVatican City
65%
2 (1 + 1)MalaysiaIndonesiaBrunei
64%
1 (0 + 1)FranceFiji
64%
2 (0 + 2)Malaysia, IndonesiaSingapore
64%
1 (0 + 1)IndonesiaPalau
63%
2 (0 + 2)France, Solomon IslandsVanuatu
60%
2 (0 + 2)France, MozambiqueComoros
59%
1 (0 + 1)NauruKiribati
56%
1 (0 + 1)KiribatiNauru
56%
7 (0 + 7)Saint Vincent and the Grenadines, Trinidad and Tobago, Venezuela, Saint Lucia, Barbados, France, DominicaGrenada
54%
1 (0 + 1)FranceMauritius
54%
7 (0 + 7)Saint Lucia, Grenada, France, Barbados, Trinidad and Tobago, Dominica, VenezuelaSaint Vincent and the
Grenadines
54%
5 (0 + 5)Turkey, Syria, Lebanon, Israel, JordanCyprus
53%
8 (0 + 8)France, Saint Lucia, Antigua and Barbuda, Saint Kitts and Nevis, Saint Vincent and the Grenadines, Netherlands, Barbados, GrenadaDominica
53%
4 (0 + 4)Equatorial Guinea, Gabon, Cameroon, NigeriaSão Tomé and Príncipe
53%
6 (0 + 6)Saint Lucia, Saint Vincent and the Grenadines, France, Trinidad and Tobago, Grenada, DominicaBarbados
52%
6 (0 + 6)France, Saint Vincent and the Grenadines, Dominica, Barbados, Grenada, Trinidad and TobagoSaint Lucia
52%
1 (1 + 0)IndonesiaEast Timor
49%
2 (0 + 2)Papua New Guinea, VanuatuSolomon Islands
48%
Cape Verde
47%
Federated States of
Micronesia
41%
Seychelles
38%
Maldives
37%
Tonga
35%
Tuvalu
33%
Marshall Islands
31%
6 (0 + 6)Venezuela, Grenada, Saint Vincent and the Grenadines, Guyana, Barbados, Saint LuciaTrinidad and Tobago
31%

Score Distribution

Percentile by Number Answered

Percent of People with Each Score

Your Score History

You have not taken this quiz